Представление документа в формате MARC21

ПолеНазваниеЗначение
  Тип записи a
  Библиографический уровень m
001 Контрольный номер RU/URAIT/583887
005 Дата корректировки 20260429163617.2
008 Кодируемые данные 260429s2026 RU y f j 000 0 rus u
020 Индекс ISBN __
a ISBN 978-5-9916-8879-6
c Цена, тираж 1019.00
040 Источник каталогиз. __
a Служба первич. каталог. ИКО Юрайт
c Служба, преобразующая запись ИКО Юрайт
e Правила каталог. RCR
041 Код языка издания __
a Код языка текста rus
044 Код страны публикации __
a Код страны публикации RU
080 Индекс УДК __
a Индекс УДК 101(075.8)
084 Индекс другой классификации/Индекс ББК __
2 Источник индекса rubbk
a Индекс другой классификации/Индекс ББК 87я73
100 Автор __
a Автор Липский Б.
q Полное имя Липский Борис
245 Заглавие __
a Заглавие Философская антропология. Социальная философия
b Продолж. заглавия учебник для вузов
c Ответственность Б. И. Липский, Б. В. Марков.
256 Характеристики компьютерного файла __
a Характеристики компьютерного файла Электрон. дан.
260 Выходные данные __
a Место издания Москва
b Издательство Юрайт
c Дата издания 2026
300 Физическое описание __
a Объем 169 с
440 Серия __
a Серия Высшее образование
500 Примечания __
a Примечание URL: https://urait.ru/bcode/583887 (дата обращения: 29.04.2026).
520 Аннотация __
a Аннотация Данное издание не только предполагает ознакомление учащихся с основными направлениями и содержанием предмета философской антропологии и социальной философии, но и рассчитано на то, чтобы научить студентов философствованию, самостоятельному размышлению над реальными жизненными проблемами. Авторы обращают внимание на трансформацию вопросов современной науки, культуры и политики. Такой подход делает более интересным и увлекательным освоение сложных философских проблем. После каждой главы даны вопросы и задания для самоконтроля, а также рекомендуемая литература.
538 Прим. о системных особенностях __
a Прим. о системных особенностях Режим доступа: Электронно-библиотечная система Юрайт, для авториз. пользователей
653 Ключевые слова __
a Ключевые слова Философия
653 Ключевые слова __
a Ключевые слова Общественные науки
653 Ключевые слова __
a Ключевые слова Социальная философия
653 Ключевые слова __
a Ключевые слова Философская антропология
700 Другие авторы __
a Другие авторы Марков Б. В.
q Полное имя Марков Борис Васильевич
856 Электронный адрес документа 40
n Местонахождение сервера Юрайт
g Электронная книга
q Тип электронного формата html
h Имя пользователя ЮРАЙТ
v Часы доступа к ресурсу 20271231
2 Способ доступа Показать документ
x Служебное примечание https://urait.ru/book/cover/3F694025-1EFC-421F-9518-DF13062281E8
u URL https://urait.ru/bcode/583887
856 Электронный адрес документа 48
q Тип электронного формата cover
u URL https://urait.ru/book/cover/3F694025-1EFC-421F-9518-DF13062281E8
911 __
u 0030=https://urait.ru/bcode/583887
911 __
u 073a=9785991688796
u 073d=1019.00
911 __
u 106a=s
911 __
u 900l=
952 Тип литературы __
i Дисциплина Социальная философия
952 Тип литературы __
i Дисциплина Философская антропология